000 01660nam a22002657a 4500
999 _c62132
_d62132
003 Ge_BSU
005 20240718134527.0
008 240718b2017 ge ||||| |||| 00| 0 geo d
020 _a9789941248504 (წიგნი 1)
041 _ageo
080 _a069.02:7(44):75(44)დ-15
100 _aდავერიო, ფილიპ.
_921022
245 _aლუვრი, პარიზი : ხელოვნების შედევრები - შენს პირად კოლექციაში /
_cფილიპ დავერიო ; მთარგმნელები: ეკატერინე კობახიძე, მაია დონაძე ; რედაქტორი თამარ ჟურული.
264 _aთბილისი :
_bპალიტრა L,
_c2017.
300 _a128 გვ. :
_bფოტ. ;
_c26 სმ.
440 _aმსოფლიოს საუკეთესო მუზეუმები ; წიგნი 1
_922875
500 _aსუპერზე და გარეკანზე ავტორი აღნიშნული არ არის.
653 _aლუვრი.
653 _aსაფრანგეთის მუზეუმები. ფრანგული ფერწერა.
653 _aხელოვანთა ბიოგრაფიები
700 _a დონაძე, მაია
_eმთარგმნელი
_922876
700 _a ჟურული, თამარ
_eრედაქტორი
_922877
700 _a ლაფაჩი, მეგი
_eდიზაინერი
_922878
942 _2udc
_cBK